• 首页
  • 本馆介绍
  • 公告通知
  • 最新文献
  • 馆藏检索
  • 电子资源
  • 读者导购
  • 参考咨询
  • 我的图书馆
  • 登录
  • 详细信息显示
  • 放入我的书架
  • 预约/预借图书
  • 作者相关作品
  • 分类相关作品
  • 丛书相关作品
  • 出版社相关作品

书目信息

  • 表格格式
  • 工作单格式
  • 卡片格式
题名:
八·一五前后的中国政局
    
 
作者: 王德贵 , 徐学新 , 郑晓亮 编
分册:  
出版信息: 长春   东北师范大学出版社  1985
页数: 690页
开本: 20cm
丛书名:
单 册:
中图分类: K265.706 , K265.76
科图分类:
主题词: 日本投降(1945)--史料 , 抗日战争--中国--史料 , 中国--历史
电子资源:
ISBN:
000 00839nam0 2200301 45
001 0185008902
005 20040517171657.1
010    @dCNY4.70
091    @a11334.4
100    @a19901005d1985 kemy0chiy0121 ea
101 0  @achi
102    @aCN@b220000
105    @af z 000yd
106    @ar
200 10 @a八·一五前后的中国政局@Aba · yi wu qian hou de zhong guo zheng ju@f王德贵等编
210    @a长春@c东北师范大学出版社@d1985
215    @a690页@c图@d20cm
606    @a日本投降(1945)@x史料
606    @a抗日战争@y中国@x史料
606 0  @a中国@x历史
690    @aK265.706@v3
690    @aK265.76
701  0 @a王德贵@Awang de gui@4编
701  0 @a徐学新@Axu xue xin@4编
701  0 @a郑晓亮@Azheng xiao liang@4编
801  0 @aCN@b深圳图书馆@c20040517
801  2 @aCN@bNLC@c20040517
905    @f1@b171725@dK265.76@e29
    
    八·一五前后的中国政局/王德贵等编.-长春:东北师范大学出版社,1985
    690页:图;20cm
    
    
    ISBN :CNY4.70
    
●
相关链接 在E读中查询图书 在五车中查询图书 在当当中查询图书 在豆瓣中查询图书


正题名:八·一五前后的中国政局     索取号:K265.76/29         预约/预借

序号 登录号 条形码 馆藏地/架位号 状态 备注
1 0171725   000354958   第二借阅区/ [索取号:K265.76/29] 在馆    
2 0171726   202120301   第二样本阅览室/ [索取号:K265.76/29] 在馆    
唐山师范学院图书馆 欢迎您!
大连网信软件有限公司© 版权所有